[Event "85th Southwest Open 2019"]
[Site "Dallas"]
[Date "2019.09.02"]
[Round "7.20"]
[White "Polavaram, Rithik"]
[Black "Yu, Jennifer"]
[Result "1/2-1/2"]
[WhiteElo "2062"]
[BlackElo "2263"]
[Annotator "TA"]
[PlyCount "118"]
[EventDate "2019.08.29"]
[EventType "swiss"]
[EventCountry "USA"]
[SourceTitle "playchess.com"]
[Source "ChessBase"]
[SourceQuality "1"]

{[%evp 12,118,8,-4,0,0,0,0,0,0,3,-3,0,0,-17,-10,0,0,-8,-25,0,0,0,-20,-17,-13,25,16,11,-7,70,-12,-5,-31,-11,-8,-17,-72,-38,-77,-62,-58,23,8,8,8,29,22,30,35,34,0,0,-33,0,0,0,0,0,0,8,-29,0,-31,-32,-33,-31,-36,-43,-39,0,0,0,0,0,0,0,0,0,0,0,0,0,0,0,0,0,0,0,0,0,0,0,0,0,0,0,0,0,-108,-113,-235,39,37,125,54,54,54,54]} 1. d4 Nf6 2. c4 e6 3. Nc3 Bb4 4. e3 O-O 5. Nge2 d5 6. a3 Bd6 7. Ng3 c6 {E46: Nimzo-Indian: Rubinstein: 4 e3 0-0 5 Ne2 without early Bd3} 8. Be2 Nbd7 {[%cal Bb8d7,Bd7b6,Bb6d5][%mdl 32]} 9. O-O dxc4 {The position is equal.} 10. Bxc4 e5 11. Bb3 Nb6 $146 ({Predecessor:} 11... Bc7 12. d5 cxd5 13. Nxd5 Nxd5 14. Bxd5 Nf6 15. Bf3 {½-½ (75) Mu,K (2325)-Yu,Y (2667) China 2014}) 12. dxe5 Bxe5 13. Qc2 Qe7 14. f4 Bxc3 15. Qxc3 Nbd5 16. Qd3 Rd8 17. Qe2 Bg4 18. Qf2 Be6 19. f5 Bd7 20. e4 Ng4 (20... Nxe4 $11 21. Nxe4 Qxe4) 21. Qe2 (21. Qe1 $14 Re8 22. Bd1) 21... Qh4 $11 {[%csl Gg4][%cal Rh4h2]} 22. h3 Qxg3 {[%csl Gg4][%cal Rg3h2]} 23. Qxg4 Qxb3 24. exd5 (24. Bh6 $11 Qxb2 25. exd5) 24... cxd5 (24... Qxd5 $6 25. Bg5 $11) 25. Bg5 Re8 ({Inferior is} 25... Qxb2 26. Rab1 $16) 26. Bf6 {[%csl Gf6][%cal Rg4g7]} g6 (26... Qe3+ $15 27. Rf2 Qh6) 27. Rf3 Re3 $132 {[%mdl 2048] Black is not holding back} 28. Raf1 {Qf4 is the strong threat.} Rxf3 29. Rxf3 Qb6+ 30. Bd4 Qd6 $1 31. Qh4 {aiming for fxg6.} (31. Qg5 $5 {[%cal Rf5g6]} Re8 32. fxg6 fxg6 33. Rf6 Re1+ 34. Kf2 $14) 31... Bxf5 32. Qh6 {[%csl Gd4][%cal Rh6g7]} (32. Qg5 $5 {[%cal Rf3f5]} f6 33. Bxf6 Qb6+ 34. Kh2 $11) 32... Qf8 33. Qg5 {[#] White wants to mate with Qf6.} f6 $1 34. Bxf6 h6 35. Qh4 Re8 36. Qd4 Kh7 37. Rc3 {Hoping for Rc7+.} Qd6 {Strongly threatening ...Re1+.} 38. Bh4 Re4 39. Qf6 Qxf6 40. Bxf6 $15 {[%mdl 4096] Endgame KRB-KRB} d4 41. Rc7+ {[%mdl 64] Double Attack} Kg8 42. g4 d3 {( -> ...d2)} 43. Bc3 $1 ({Don't go for} 43. gxf5 $2 d2 $19) 43... Be6 44. Rxb7 Re2 {Threatens to win with ...d2.} 45. Rb8+ ({Reject} 45. Rxa7 d2 $17) 45... Kf7 {And now ...d2 would win.} 46. Rd8 Re3 47. Kg2 h5 48. gxh5 gxh5 49. h4 Ke7 50. Rd4 $1 Bg4 51. Kf2 Rf3+ 52. Ke1 Ke6 53. Kd2 Bf5 54. Bb4 Ke5 55. Rd8 (55. Bc3 $1 $11 {was the only way to keep the balance.}) 55... Rf2+ $17 56. Kc3 (56. Ke1 $17 {was worth a try.} Re2+ 57. Kd1) 56... Ke4 $2 (56... Rc2+ $19 57. Kb3 Be6+ 58. Ka4 Bd5) 57. Rxd3 $14 Kf4 {[#]} ({Better is} 57... Rxb2 $14 58. Rd4+ Ke3) 58. Rd2 (58. Bc5 $1 $16 {[%cal Rc5f2]} Rg2 59. Rd4+ Be4 60. Bxa7) 58... Rxd2 59. Kxd2 Ke5 {Accuracy: White = 53%, Black = 40%.} 1/2-1/2

[Event "85th Southwest Open 2019"]
[Site "Dallas"]
[Date "2019.09.02"]
[Round "7.21"]
[White "Vivekananthan, Anish"]
[Black "Yanayt, Eugene"]
[Result "1-0"]
[WhiteElo "2162"]
[BlackElo "2240"]
[Annotator "TA"]
[PlyCount "67"]
[EventDate "2019.08.29"]
[EventType "swiss"]
[EventCountry "USA"]
[SourceTitle "playchess.com"]
[Source "ChessBase"]
[SourceQuality "1"]

{[%evp 18,66,68,42,35,31,44,36,42,36,43,40,54,55,55,47,63,43,60,54,129,81,118,39,106,84,142,142,145,163,229,220,229,229,370,360,301,239,499,550,533,520,520,485,29991,29992,29996,29997,29997,29998,29999]} 1. d4 Nf6 2. c4 g6 3. g3 Bg7 4. Bg2 O-O 5. Nf3 d6 6. O-O c6 7. Nc3 a6 8. e4 Bg4 9. h3 Bxf3 10. Bxf3 Nfd7 {E62: King's Indian: Fianchetto: 6...c6 and Panno Variation (6...Nc6) without ...a6} 11. Be3 c5 12. d5 b5 {White is slightly better.} 13. Be2 b4 14. Na4 Nb6 15. Nxb6 Qxb6 16. Qd2 $36 {[%mdl 2048] Black is under pressure.} Re8 17. Bg4 $146 ({Predecessor:} 17. h4 Nd7 18. h5 {0-1 (45) Pogosyan,S (2349)-Onischuk,V (2638) Yerevan 2017}) 17... Ra7 18. f4 h5 (18... Nd7 $14) 19. Be2 e6 {[#]} 20. Rad1 ({White should play} 20. dxe6 $1 $16 {Hoping for f5.} Rxe6 21. f5 Rxe4 22. Bg5) 20... Rae7 (20... b3 $14) 21. Bf3 Nd7 (21... exd5 $142 22. Qxd5 Nd7) 22. dxe6 $16 Rxe6 {[#]} 23. e5 $1 {[%mdl 512]} Nf8 {[#]} (23... a5 $142 24. Bd5 R6e7) (23... dxe5 24. Qxd7) 24. Bd5 $1 $18 R6e7 25. f5 Bxe5 (25... dxe5 {might work better.} 26. fxg6 Qxg6) 26. fxg6 Nxg6 27. Bg5 Ra7 $2 (27... Re6 {was worth a try.} 28. b3 (28. Bxe6 Rxe6 29. Qd5 Qc7 $16) 28... a5) 28. Bf6 Bxf6 29. Rxf6 Kg7 30. Rdf1 {[%cal Rf6f7]} Ree7 {[#]} (30... Qc7 $18 31. Bxf7 Qxf7) 31. Qg5 $1 {[%mdl 512] White mates.} Qc7 32. Bxf7 {[%mdl 64] Remove Defender} Rxf7 33. Rxg6+ Kf8 34. Rg8# {Accuracy: White = 88%, Black = 30%.} 1-0

[Event "85th Southwest Open 2019"]
[Site "Dallas"]
[Date "2019.09.02"]
[Round "7.22"]
[White "Kumar, Naman"]
[Black "Yim, Sung Ho"]
[Result "0-1"]
[WhiteElo "2158"]
[BlackElo "2258"]
[Annotator "TA"]
[PlyCount "98"]
[EventDate "2019.08.29"]
[EventType "swiss"]
[EventCountry "USA"]
[SourceTitle "playchess.com"]
[Source "ChessBase"]
[SourceQuality "1"]

{[%evp 15,98,-14,13,-9,31,9,26,-22,-23,-33,-12,-28,0,-12,-7,-20,9,0,0,0,4,0,12,0,13,-11,-29,-36,-36,-38,-35,-56,-78,-122,-112,-111,-117,-120,-118,-112,-133,-122,-130,-205,-162,-161,-134,-138,-46,-66,-68,-62,-51,-48,-66,-62,-64,-107,-9,-8,-8,-8,-2,-23,-19,-17,-15,-20,-31,-160,-147,-251,-257,-259,-256,-389,-382,-382,-393,-374,-383,-456,-450,-440,-384]} 1. e4 d6 2. d4 Nf6 3. Nc3 c6 4. g3 Nbd7 5. Bg2 e5 6. Nge2 Be7 7. O-O O-O 8. h3 Re8 9. Re1 {B07: Pirc Defence: Miscellaneous Systems} (9. g4 Bf8 10. Ng3 exd4 11. Qxd4 Ne5 12. Be3 Qa5 13. g5 Nfd7 14. Kh2 Ng6 15. Rae1 Qb6 16. Qxb6 axb6 {1-0 (45) Vlasak,L (2399)-Turner,J (2348) Czech Republic 2018}) 9... Bf8 10. Be3 Qc7 11. Qd3 $146 {White has an edge.} ({Predecessor:} 11. Rc1 g6 12. d5 cxd5 13. Nxd5 Nxd5 14. Qxd5 Nb6 15. Qa5 Be6 16. b3 Nd5 17. Qxc7 Nxc7 {1-0 (44) Sokalsky,A (2238)-Al Khouri,I (2094) Calvia 2014}) 11... b5 12. a3 Bb7 13. g4 Nb6 14. b3 h6 15. Ng3 Rad8 16. g5 hxg5 17. Bxg5 Nbd7 $1 18. d5 a6 19. dxc6 Bxc6 20. Rad1 Rc8 21. Nf5 {[%cal Rf5d6]} Bb7 22. Re3 {[%cal Rf5d6]} Nc5 $36 {[%mdl 2048] Black has the initiative.} 23. Qd2 {aiming for Bxf6.} Nh7 24. Rg3 Ne6 $1 {[%cal Re6g5]} 25. Be3 {[#]} Kh8 $1 26. Nd5 Qxc2 27. Qxc2 Rxc2 28. Nb4 {[#]} Rc7 $1 29. Kf1 (29. Nd5 $17 Bxd5 30. exd5) 29... Rd7 30. Bc1 Nf6 31. Nd5 Bxd5 (31... Nxd5 $17 32. exd5 Nc5) 32. exd5 $15 Nc5 33. Rc3 $1 a5 34. b4 axb4 35. axb4 Na6 36. Ba3 Rc7 (36... g6 $17 37. Ne3 Ra8) 37. Rc6 $11 Rxc6 38. dxc6 Kg8 39. Ke2 Re6 40. Ne3 Nc7 41. Bb2 Re8 42. Nf5 ({White should try} 42. Kf1 $15) 42... d5 $17 43. Ne3 (43. f4 $17 exf4+ 44. Kf3) 43... d4 $19 ({Stronger than} 43... Bxb4 44. Nxd5 Nfxd5 45. Bxd5 $11) 44. Nc2 Nfd5 45. Bxd5 (45. Kf1 $142) 45... Nxd5 46. Ra1 Rc8 47. Ra6 Bxb4 48. Ba3 Bc3 49. Bc5 b4 {Accuracy: White = 42%, Black = 69%.} 0-1

[Event "85th Southwest Open 2019"]
[Site "Dallas"]
[Date "2019.09.02"]
[Round "7.23"]
[White "Gutla, Aryan"]
[Black "Easton, Jack"]
[Result "0-1"]
[WhiteElo "1631"]
[BlackElo "2182"]
[Annotator "TA"]
[PlyCount "106"]
[EventDate "2019.08.29"]
[EventType "swiss"]
[EventCountry "USA"]
[SourceTitle "playchess.com"]
[Source "ChessBase"]
[SourceQuality "1"]

{[%evp 25,106,30,35,12,18,20,22,3,4,5,9,-31,-12,-25,-19,-28,0,0,0,0,4,-21,-21,-23,-24,-61,-50,-47,-26,-34,15,0,0,-4,17,0,0,-28,-29,-38,-24,-24,-21,-28,-28,-35,-36,-30,-19,-39,-25,-25,-33,-54,-58,-114,-114,-114,-104,-107,-107,-291,-291,-418,-358,-991,-962,-890,-877,-877,-801,-688,-603,-3603,-500,-5102,-5212,-29977,-29978,-29983,-29984,-29985,-29986]} 1. e4 c5 2. Nf3 Nc6 3. d4 cxd4 4. Nxd4 Nf6 5. Nc3 e5 6. Ndb5 d6 7. Bg5 a6 8. Na3 b5 9. Nd5 Be7 10. Bxf6 Bxf6 11. c3 O-O 12. Nc2 Rb8 13. h4 Be7 14. Bd3 {B33: Sicilian: Pelikan and Sveshnikov Variations} Be6 15. Nce3 Qd7 16. Qf3 {The position is equal.} (16. Nf5 Kh8 17. Bc2 Bd8 18. Qd3 Ne7 19. Nfxe7 Bxe7 20. O-O-O Bd8 21. f4 Qb7 {½-½ (127) Vallejo Pons,F (2698)-Valsecchi,A (2515) Skopje 2019}) 16... Bd8 17. h5 {Threatening h6.} h6 18. Kf1 $146 ({Predecessor:} 18. Nf5 Bg5 19. Rd1 Ne7 20. Bc2 Nxf5 21. exf5 Bxd5 22. Rxd5 Bf6 23. O-O Rfd8 24. Rfd1 Qc7 25. Qd3 Rb6 26. Bb3 Qe7 27. Qe4 Qc7 28. Qd3 {½-½ (28) Peitl,T (2175)-Hagara,E (2383) Slovakia 2010}) 18... Bg5 19. Nf5 Ne7 20. Rh3 Nxf5 21. exf5 Bxd5 22. Qxd5 Rfc8 23. f6 Bxf6 24. Qe4 Kf8 25. Rd1 Qe6 26. Bb1 Ke7 27. Rhd3 Rb6 (27... Rc4 $5 {[%cal Rc4e4]} 28. Qe3 Rd8 $11) 28. Rd5 Rc4 29. Qe3 Rbc6 30. Qa7+ (30. Be4 {feels hotter.} Bg5 31. Qf3 Rb6 32. Qd3 Qf6 33. Bf3) 30... Qd7 31. Qxd7+ (31. Qb8 {seems wilder.} Rh4 32. Kg1 Qc7 33. Qa8 Qc8 34. Qxc8 Rxc8 35. g3) 31... Kxd7 32. Bf5+ Ke7 33. g3 Rb6 34. Bd3 Rc5 $36 {[%mdl 2048] Black fights for an advantage.} 35. Rxc5 dxc5 $11 {[%mdl 4096] Endgame KRB-KRB} 36. Be4 c4 37. Rd5 Ke6 38. Rc5 Bg5 39. b3 f5 40. Rc6+ ({Better is} 40. Bc2 $15) 40... Rxc6 $17 41. Bxc6 {KB-KB} Bd2 42. Bb7 a5 {[%cal Ba6a5,Ba5a4,Ba4a3][%mdl 32]} 43. Ba6 $2 {[#]} (43. Bc8+ $17 Kf6 44. Bd7) 43... cxb3 $19 ({Not} 43... Bxc3 44. Bxb5 cxb3 45. axb3 $17) 44. axb3 (44. Bxb5 $142 b2 45. Bd3) 44... a4 45. Bxb5 $2 (45. bxa4 bxa4 46. Ke2 Bxc3 47. Bb5) 45... a3 46. b4 Kd5 47. Be8 Bxc3 48. Bf7+ Kd4 49. Ke2 Bxb4 {[#] Strongly threatening ...Kc3.} 50. Kd1 (50. Kf3 $142) 50... e4 51. Ba2 Kc3 {Black mates.} 52. Kc1 Bc5 53. Be6 Bxf2 {Accuracy: White = 25%, Black = 70%.} 0-1

[Event "85th Southwest Open 2019"]
[Site "Dallas"]
[Date "2019.09.02"]
[Round "7.24"]
[White "Noland, Shawn"]
[Black "Shamatava, Ana"]
[Result "0-1"]
[WhiteElo "1950"]
[BlackElo "2159"]
[Annotator "RC"]
[PlyCount "130"]
[EventDate "2019.08.29"]
[EventType "swiss"]
[EventCountry "USA"]
[SourceTitle "playchess.com"]
[Source "ChessBase"]
[SourceQuality "1"]
[TimeControl "5400+30"]

1. Nf3 {[%emt 0:00:00]} Nf6 {[%emt 0:00:22]} 2. g3 {[%emt 0:00:03]} d5 {[%emt 0:01:23]} 3. Bg2 {[%emt 0:01:01]} e6 {[%emt 0:00:06]} 4. O-O {[%emt 0:00:36]} Be7 {[%emt 0:00:14]} 5. d3 {[%emt 0:01:05]} c5 {[%emt 0:01:51]} 6. Nbd2 {[%emt 0:00:07]} Nc6 {[%emt 0:00:45]} 7. Re1 {[%emt 0:01:18]} O-O {[%emt 0:00:07]} 8. e4 {[%emt 0:00:23]} dxe4 {[%emt 0:02:19]} 9. dxe4 {[%emt 0:00:19]} e5 {[%emt 0:00:06]} 10. h3 {[%emt 0:02:09]} h6 {[%emt 0:03:28]} 11. b3 {[%emt 0:01:39]} Be6 {[%emt 0:01:22]} 12. Bb2 {[%emt 0:07:06]} Qc7 {[%emt 0:01:32]} 13. c3 {[%emt 0:02:34]} b5 {[%emt 0:03:11]} 14. Qe2 {[%emt 0:01:37]} a6 {[%emt 0:02:38]} 15. Nh4 {[%emt 0:07:36]} Rfd8 {[%emt 0:02:00]} 16. Nf1 {[%emt 0:01:24]} c4 {[%emt 0:03:18]} 17. b4 {[%emt 0:15:37]} a5 {[%emt 0:02:26]} 18. a3 {[%emt 0:01:43]} Rd3 {[%emt 0:02:03]} 19. Nf3 {[%emt 0:03:43]} Rad8 {[%emt 0:01:05]} 20. Rec1 {[%emt 0:02:31]} Nd7 {[%emt 0:05:51]} 21. Ne1 {[%emt 0:06:34]} Nb6 {[%emt 0:07:53]} 22. Rc2 {[%emt 0:01:31]} Na4 {[%emt 0:00:51]} 23. Rb1 {[%emt 0:06:08]} Qd7 {[%emt 0:07:08]} 24. Kh2 {[%emt 0:01:44]} f6 {[%emt 0:07:28]} 25. Nf3 {[%emt 0:01:47]} axb4 {[%emt 0:02:37]} 26. axb4 {[%emt 0:00:28]} Bxb4 {[%emt 0:00:52]} 27. cxb4 {[%emt 0:03:42]} Nxb4 {[%emt 0:00:05]} 28. Rd2 {[%emt 0:08:19]} Rxd2 {[%emt 0:04:28]} 29. Qxd2 {[%emt 0:01:01]} Qxd2 {[%emt 0:00:52]} 30. N3xd2 {[%emt 0:02:05]} Nxb2 {[%emt 0:02:14]} 31. Rxb2 {[%emt 0:06:04]} c3 {[%emt 0:00:49]} 32. Rb1 {[%emt 0:00:09]} Na2 {[%emt 0:00:42]} 33. Rxb5 {[%emt 0:00:59]} cxd2 {[%emt 0:01:01]} 34. Nxd2 {[%emt 0:00:18]} Rxd2 {[%emt 0:00:06]} 35. Rb6 {[%emt 0:01:32]} Bc4 {[%emt 0:02:04]} 36. Kg1 {[%emt 0:02:00]} Nc3 {[%emt 0:01:31]} 37. Rc6 {[%emt 0:00:51]} Rd1+ {[%emt 0:01:19]} 38. Kh2 {[%emt 0:00:05]} Rd4 {[%emt 0:00:12]} 39. f3 {[%emt 0:00:52]} Nd1 {[%emt 0:01:05]} 40. h4 {[%emt 0:01:51]} Be2 {[%emt 0:04:25]} 41. Rc2 {[%emt 0:00:58]} Bc4 {[%emt 0:01:03]} 42. Bh3 {[%emt 0:00:14]} Kf7 {[%emt 0:00:11]} 43. h5 {[%emt 0:01:21]} Ne3 {[%emt 0:02:02]} 44. Rb2 {[%emt 0:02:01]} Nf1+ {[%emt 0:01:12]} 45. Bxf1 {[%emt 0:04:11]} Bxf1 {[%emt 0:00:10]} 46. Rb7+ {[%emt 0:00:09]} Kf8 {[%emt 0:00:36]} 47. Rb8+ {[%emt 0:00:08]} Ke7 {[%emt 0:00:05]} 48. Rb7+ {[%emt 0:00:39]} Rd7 {[%emt 0:00:05]} 49. Rb1 {[%emt 0:00:04]} Rd2+ {[%emt 0:03:03]} 50. Kg1 {[%emt 0:00:11]} Bh3 {[%emt 0:04:56]} 51. Rb7+ {[%emt 0:00:19]} Kf8 {[%emt 0:00:25]} 52. g4 {[%emt 0:01:02]} Rg2+ {[%emt 0:00:11]} 53. Kh1 {[%emt 0:00:02]} Rg3 {[%emt 0:01:01]} 54. Rb3 {[%emt 0:00:15]} Bxg4 {[%emt 0:00:10]} 55. Rb8+ {[%emt 0:00:02]} Kf7 {[%emt 0:00:06]} 56. Rb7+ {[%emt 0:00:21]} Kg8 {[%emt 0:00:10]} 57. Rb8+ {[%emt 0:00:20]} Kh7 {[%emt 0:00:05]} 58. fxg4 {[%emt 0:00:02]} Rxg4 {[%emt 0:00:05]} 59. Rb4 {[%emt 0:00:06]} Rh4+ {[%emt 0:00:12]} 60. Kg2 {[%emt 0:00:04]} Rxh5 {[%emt 0:00:06]} 61. Kg3 {[%emt 0:00:11]} Rg5+ {[%emt 0:00:10]} 62. Kh4 {[%emt 0:00:22]} Kg6 {[%emt 0:00:10]} 63. Rb6 {[%emt 0:00:11]} h5 {[%emt 0:21:27]} 64. Rb4 {[%emt 0:00:04]} Rg4+ {[%emt 0:00:00]} 65. Kh3 {[%emt 0:00:04]} Kg5 {[%emt 0:01:00]} 0-1

[Event "85th Southwest Open 2019"]
[Site "Dallas"]
[Date "2019.09.02"]
[Round "7.25"]
[White "Logozar, Elijah"]
[Black "Green, Austen"]
[Result "1/2-1/2"]
[WhiteElo "2058"]
[BlackElo "2132"]
[Annotator "TA"]
[PlyCount "139"]
[EventDate "2019.08.29"]
[EventType "swiss"]
[EventCountry "USA"]
[SourceTitle "playchess.com"]
[Source "ChessBase"]
[SourceQuality "1"]

{[%evp 17,139,43,32,39,54,25,20,0,8,0,0,0,14,0,0,2,13,13,11,12,50,3,4,4,5,8,16,9,11,15,15,-76,0,-44,43,49,243,0,0,0,284,313,304,291,328,120,219,235,219,227,245,202,491,292,269,198,181,0,583,101,151,0,0,-590,-579,-470,-125,-107,-116,-449,-142,-142,-142,-142,-142,-191,-191,-528,-445,-354,-313,-768,-107,-107,-107,-107,-107,-107,-107,-107,-107,-1221,-1138,-4806,-5708,-5720,-1229,-5097,-9060,-5600,-1802,-1940,-1902,-12839,-12840,-12841,-12828,-12712,-12217,-2282,-983,-5383,-5065,-4578,-4614,-1459,-167,-167,-11,-11,-11,-142,-9,-9]} 1. e4 c5 2. Nf3 e6 3. d4 cxd4 4. Nxd4 Nc6 5. Nc3 Nf6 6. Ndb5 d6 7. Bf4 e5 8. Bg5 a6 9. Na3 Be6 10. Nc4 {B33: Sicilian: Pelikan and Sveshnikov Variations} Rb8 11. Ne3 Be7 12. Bxf6 Bxf6 13. Bc4 b5 14. Bb3 O-O 15. O-O Bg5 16. Ncd5 {[#]} g6 $146 ({Predecessor:} 16... a5 17. a4 Nd4 18. axb5 Nxb3 19. cxb3 Bxe3 20. Nxe3 Rxb5 {0-1 (71) Bernadskiy,V (2529)-Mamedov,R (2689) Lvov 2017}) 17. c3 Kh8 18. Qe2 f5 19. Nb4 Bd7 20. Nxa6 Ra8 {Strongly threatening ...f4.} 21. Nb4 $1 (21. Qxb5 $2 Nb8 $17) 21... Nxb4 22. cxb4 f4 $1 {[%cal Rf4e3]} 23. Nd5 f3 $1 {[%cal Rf3e2]} 24. gxf3 (24. Qd3 $11) 24... Bh3 (24... Bf4 $1 $17 25. Nxf4 Rxf4) 25. Rfd1 Rf4 ({Black should play} 25... Bf4 $1 $15 26. Nxf4 Rxf4) 26. Kh1 $14 Qf8 $2 (26... Rh4 $1 $14) 27. Rd3 $2 (27. Qxb5 $2 Rg4 $3 $19 {[%mdl 512]}) (27. Nxf4 $18 Bxf4 28. Rg1 (28. Qxb5 Qh6 $11)) 27... Qh6 $1 $11 28. Rg1 Raf8 $2 {[%mdl 8192]} (28... Rh4 $1 $11 29. Ne3 Bd7) 29. Nxf4 $18 {[%mdl 64] Discovered Attack} Bxf4 30. Rg3 $1 g5 31. Rd1 $2 (31. Kg1 $18 {has better winning chances.}) 31... g4 (31... Bxg3 $16 {was worth a try.} 32. fxg3 Qf6) 32. Rdg1 Bxg3 33. Rxg3 ({Not} 33. fxg3 $2 gxf3 34. Qd3 f2 $19) 33... Qc1+ 34. Qd1 Qxb2 $2 (34... Qh6 {is a better defense.} 35. Qd3 gxf3 36. Rxf3 Rxf3 37. Qxf3 Qc1+ 38. Bd1 Kg7) 35. Qxd6 (35. fxg4 $142 Rxf2 36. Rxh3) 35... Qc1+ 36. Rg1 {[%cal Rd6f8]} Qf4 37. Rg3 $2 (37. Bd1 $1 $18) 37... h5 $2 {[%mdl 8192]} (37... Qc1+ $1 $11 38. Bd1 Qf4 39. fxg4 Qxf2 40. Qxe5+ {[%mdl 64] Double Attack} Rf6) 38. Qe7 $2 (38. Qg6 $18 {is the precise move to win.} h4 39. Qh5+ {[%mdl 64] Double Attack} Kg7 40. Qxh4) 38... Rc8 39. Qd7 $2 (39. Bd1 $16 {fxg4 is the strong threat.} Rc1 40. Qd7) 39... Qf8 $40 {[%mdl 128] Black has some attack.} 40. Qf5 $2 {[%mdl 8192]} ({Don't blunder} 40. fxg4 $2 Rc1+ 41. Bd1 Bxg4 $19) (40. Bf7 $11 {and White stays safe.} Rc1+ 41. Rg1 Rxg1+ 42. Kxg1 Qxb4 43. Qd1) 40... Qxf5 $19 41. exf5 {[%mdl 4096] Endgame KRB-KRB} h4 $2 (41... gxf3 $19 {( -> ...Rc1+)} 42. Rg1 Bg2+ 43. Rxg2 fxg2+ 44. Kxg2 Kg7) 42. Rg1 $17 gxf3 {And now ...e4 would win.} 43. Be6 $2 {[%mdl 8192]} (43. Bd5 $17 {is more resistant.} Bg2+ 44. Rxg2 fxg2+ 45. Kxg2) 43... Bg2+ $2 (43... Rd8 $19 {aiming for ...e4.} 44. Bb3 Bg2+ 45. Rxg2 fxg2+ 46. Kxg2 Kg7) 44. Rxg2 fxg2+ 45. Kxg2 {KR-KB} Rd8 46. Kh3 Rd4 $1 47. f3 $2 (47. f6 {is a better chance.}) 47... Rxb4 48. f6 Rf4 49. Bd5 $2 (49. f7) 49... b4 $2 (49... Rxf6 $19 {and Black stays clearly on top. Hoping for ...Rd6.} 50. Kxh4 Rd6) 50. f7 Kg7 51. Kg2 Kf8 52. Kh3 Ke7 53. Kg2 Rf6 54. Kh3 $2 {[%mdl 8192]} (54. Bb3 $17) 54... Kd6 $1 $19 {[%cal Rd6d5]} 55. Be4 Rxf7 56. Kxh4 Ra7 (56... Rg7 $142 57. Kh3 Rg1) 57. Bb1 Rg7 58. Kh5 Rg1 (58... Rg2 $142 59. h4 Ke7) 59. Bg6 Rg2 60. h4 Ke6 61. Bd3 Kf6 62. Bc4 Kf5 63. Kh6 Rg6+ (63... Kf4 $142 64. Bd5 Rd2) 64. Kh7 Rg3 65. h5 Kg5 66. Kg7 Kxh5+ $2 (66... Rh3 67. Bd5 Rxh5) 67. Kf6 Rg5 $2 ({Black should try} 67... Rxf3+ $19 68. Kxe5 Rf8) 68. Bb3 Kh4 69. Bf7 {[#]} (69. Be6 $11) 69... Rg3 ({Better is} 69... e4 $1 $17 {[%cal Re4f3]} 70. fxe4 Kg4) 70. Bd5 {Accuracy: White = 31%, Black = 36%.} 1/2-1/2

[Event "85th Southwest Open 2019"]
[Site "Dallas"]
[Date "2019.09.02"]
[Round "8.1"]
[White "Preotu, Razvan"]
[Black "Dragun, Kamil"]
[Result "0-1"]
[WhiteElo "2494"]
[BlackElo "2586"]
[Annotator "TA"]
[PlyCount "84"]
[EventDate "2019.08.29"]
[EventType "swiss"]
[EventCountry "USA"]
[SourceTitle "playchess.com"]
[Source "ChessBase"]
[SourceQuality "1"]

{[%evp 9,84,14,22,5,12,-11,-10,-8,-15,0,-12,-15,-17,-18,-3,-21,14,-10,0,-45,-43,-36,-40,-44,-37,-40,-31,-39,-37,-37,-36,-38,-32,-44,-14,-11,-24,-58,0,-41,0,-95,-87,-99,-91,-189,-204,-181,-197,-190,-188,-239,-192,-186,-183,-469,-468,-466,-467,-446,-439,-470,-469,-433,-420,-466,-412,-609,-594,-594,-594,-587,-506,-724,-622,-575,-568]} 1. e4 c6 2. d4 d5 3. e5 c5 4. Nf3 cxd4 5. Nxd4 e6 6. c4 {B12: Caro-Kann: Advance Variation} Bc5 7. Nb3 Bb6 8. Nc3 {[%cal Rc4d5] The position is equal.} Ne7 9. c5 $146 ({Predecessor:} 9. Bg5 Nbc6 10. cxd5 exd5 11. Bxe7 Qxe7 12. Nxd5 Qxe5+ 13. Qe2 {0-1 (45) Nijboer,F (2492)-Van Foreest,J (2641) Hilversum 2018}) 9... Bc7 10. f4 O-O 11. Bd3 b6 12. Qc2 Ng6 13. Nb5 Na6 14. Nxc7 (14. Bxg6 $5 hxg6 15. c6 $11) 14... Qxc7 15. cxb6 Qxb6 {Threatens to win with ...Nb4.} 16. Qc3 Nb4 {White must now prevent ...d4!} 17. Bxg6 $1 fxg6 18. a3 $1 {[%cal Ra3b4]} Nc6 19. Be3 {[#]} d4 $1 {[%mdl 512]} 20. Nxd4 Nxd4 21. Bxd4 Qa6 22. Rf1 Bb7 23. Rf2 Rac8 (23... g5 $1 $15) 24. Bc5 Rfd8 (24... g5 $5) 25. Rd1 (25. Rc1 $11 {remains equal.}) 25... Rxd1+ $17 26. Kxd1 {[#]} Bxg2 $1 {[%mdl 512]} 27. Kc1 (27. b4 $17 {was necessary.}) (27. Rxg2 Qf1+) 27... Be4 $19 28. b4 Qb5 29. Qd4 {[#]} Bf5 $1 30. Rd2 (30. Kb2 {might work better.}) 30... h6 ({Not} 30... Qf1+ $2 31. Rd1 $18) 31. Kb2 {[#]} a5 $1 32. a4 $2 (32. Kb3) 32... Qxa4 33. Qd7 Qxd7 34. Rxd7 axb4 35. Bxb4 {[%mdl 4096] Endgame KRB-KRB} Rc2+ 36. Ka3 Rxh2 37. Rd8+ Kh7 38. Bf8 (38. Rd2 $142 Rh1 39. Kb2) 38... h5 {Black is clearly winning.} 39. Rd7 h4 40. Bxg7 Rh3+ 41. Kb2 Rd3 42. Rc7 {intending Bf6+.} h3 {Accuracy: White = 47%, Black = 86%.} 0-1